| 000 | 00423nam a2200169Ia 4500 | ||
|---|---|---|---|
| 005 | 20250423100803.0 | ||
| 008 | 250422s9999 xx 000 0 und d | ||
| 020 | _a9780262018142 | ||
| 050 | _aHC 1055 .O3924/ | ||
| 100 | _aOkonjo-Iweala, Ngozi | ||
| 245 | 0 | _aReforming the unreformable : lessons from Nigeria | |
| 260 | _aCambridge, Mass. | ||
| 260 | _bMIT Press | ||
| 260 | _c2012 | ||
| 300 | _a198 p | ||
| 942 | _cBK | ||
| 999 |
_c34336 _d34336 |
||